000 00530nam a2200133Ia 4500
008 220615s9999||||xx |||||||||||||| ||und||
020 _a9782890000000
245 0 _aNetwork Bioscience, 2nd Edition
546 _aEnglish[eng]
650 _asystems biology||network science||network biology||cancer networks||hypothesis generation and verification||computational biology
700 _aPellegrini, Marco||Antoniotti, Marco||Mishra, Bud
856 _uhttps://www.frontiersin.org/research-topics/7394/network-bioscience
942 _cEB
999 _c14494
_d14494